| 000 | 01856nam a2200457Ii 4500 | ||
|---|---|---|---|
| 001 | DIGOLEJNK0120 | ||
| 003 | NyNyDIG | ||
| 006 | m o d | ||
| 007 | cr ||||||||||| | ||
| 008 | 220522s2021 cl ob 000 0 spa d | ||
| 035 | _a(OCoLC)1335136767 | ||
| 040 |
_aDGITA _beng _erda _epn _cDGITA |
||
| 020 | _z9789563926859 | ||
| 043 | _as-ve--- | ||
| 050 | 1 | 4 | _aKHW4589 ebook |
| 100 | 1 |
_aAponte Arcila, Jonás Eduardo, _eauthor. |
|
| 245 | 1 | 3 |
_aLa actividad de policía en el derecho tributario / _cJonás Eduardo Aponte Arcila. |
| 264 | 1 |
_aSantiago, Chile : _bEdiciones Olejnik, _c[2021] |
|
| 300 | _a1 online resource. | ||
| 336 |
_atext _btxt _2rdacontent |
||
| 337 |
_acomputer _bc _2rdamedia |
||
| 338 |
_aonline resource _bcr _2rdacarrier |
||
| 347 |
_atext file _2rdaft |
||
| 347 | _bPDF | ||
| 490 | 1 | _aBiblioteca de derecho administrativo de América Latina | |
| 504 | _aIncludes bibliographical references. | ||
| 588 | 0 | _aOnline resource; title from PDF title page (Digitalia, viewed May 22, 2022) | |
| 650 | 0 |
_aTaxation _xLaw and legislation _zVenezuela. |
|
| 650 | 0 |
_aTax collection _zVenezuela. |
|
| 650 | 0 |
_aTax administration and procedure _zVenezuela. |
|
| 650 | 0 |
_aPolice administration _zVenezuela. |
|
| 650 | 0 |
_aPublic administration _zVenezuela. |
|
| 655 | 0 | _aElectronic books. | |
| 791 | 2 |
_aDigitalia (Firm), _edistributor. |
|
| 793 | 0 |
_gDigitalia eBook Collection: _aEdiciones Olejnik |
|
| 776 | 0 | 8 |
_iPrint version: _aAponte Arcila, Jonás Eduardo. _tActividad de policía en el derecho tributario. _bPrimera edición en Ediciones Olejnik. _dSantiago, Chile : Ediciones Olejnik, 2021 _z9789563926859 |
| 830 | 0 | _aBiblioteca de derecho administrativo de América Latina. | |
| 856 | 4 | 0 |
_3Digitalia Hispánica _uhttps://www.digitaliapublishing.com/a/104296/ |
| 910 | _aPremium collection: 2022 | ||
| 942 | _cRAA | ||
| 999 |
_c270255 _d270255 |
||